000 00446pab a2200157 454500
008 180718b1999 xxu||||| |||| 00| 0 eng d
100 _aHenwood, Doug
245 _aBooming, borrowing, and consuming: the US economy in 1999
260 _c1999
300 _ap.134-48
362 _aJul-Aug
650 _aEconomic and social development - United States
650 _aEconomic and social development
773 _aMonthly Review
909 _a42873
999 _c42873
_d42873